00765 2200289 4500001002100000005001500021035002000036007000300056008004100059020001800100082001100118084001700129100001200146245003300158250001000191260005400201300003200255650002200287504003000309990002000339990002100359990001900380990002000399990001800419990001900437990001900456INLIS00000000000152720180212011805 a0010-0218000122ta180212 0 ind  a979-420-001-8 a581.15 a581.15 CRO g0 aCROWDER1 aGenetika Tumbuhan /cCrowder acet.5 aYogyakarta :bGadjah Mada University Press,c2006 avi, 489 hlm ;c14,5 x 21 cm aGENETIKA TUMBUHAN aBibliografi 488 - 499 hlm a626.204.1010280 a626.204.1010280A a6262041010280A a626.204.1010280 a6262041010280 a6262041010280A a6262041010280c